1700 1401 1013 1487 1367 1805 1289 1650 1808 1067 1327 1271 1012 1374 1486 1828 1513 1814 1611 1146 1245 1122 1892 1020 1108 1890 1213 1741 1171 1640 1709 1842 1697 1749 1956 1286 1846 1734 1181 1437 1842 1724 1488 1280 1579 1315 1388 1510 1812 1392 1153 1968 1086 1738 1456 1557 1502 1352 1746 1649 1554 1613 1120 1026 1381 1701 1096 1534 1370 1450 1446 1123 1287 1938 1109 1358 1550 1605 1093 1603 1049 1008 1972 1329 1814 1167 1786 1208 1767 1107 1731 1538 1436 1951 1773 1002 1857 1969 1554 BCNSPRNW ULIB Ver.6.0+V

เปลี่ยนเป็นภาษาไทย

Change to English
 แสดงรายละเอียดบรรณานุกรม
  กลับหน้าหลัก

Brief Record : Get Marc (ISO 2709) : E-mail record : QR code < ปิดหน้าต่าง
LEADER : 00000nam 2200000uu 4500
001    13399125611
003     ULIB
008    170711s2559||||th 000 0 tha d
020    ^a9786165156554
060  0 ^aWB890^bน779ห
110 1  ^aเนชั่น อินเตอร์เนชั่นเนล เอ็นดูเทนเมนท์
245 00 ^aหยุดป่วยด้วยแพทย์ทางเลือก /^cเนชั่น อินเตอร์เนชั่นเนล เอ็นดูเทนเมนท์
260    ^aกรุงเทพฯ : ^bเนชั่น อินเตอร์เนชั่นเนล เอ็นดูเทนเมนท์,^c2559
300    ^a200 ; ^c21ซม.
650  0 ^aการแพทย์ทางเลือก
710 1  ^aเนชั่น อินเตอร์เนชั่นเนล เอ็นดูเทนเมนท์
945    ^p0^l0^i002565
999    ^aประนอม เกษจรัล
รายการนี้ยังไม่มีแท็ก
คุณยังไม่ได้ล็อกอิน คุณสามารถมีกิจกรรมร่วมกับเว็บไซต์ได้ แต่ต้องล็อกอินก่อน ::
  ล็อกอิน

รายการสื่อสารสนเทศ

ลำดับที่ ประเภท เลขเรียก/บาร์โค้ด สถานที่ สถานะ
1. วิทยาศาสตร์การแพทย์ และสุขภาพ
วิทยาศาสตร์การแพทย์ และสุขภาพ
สถานะ=หนังสือเก่า
WB890 น779ห ฉ.1 
  Barcode: 002565
ห้องสมุดวิทยาเขตสวรรค์ประชารักษ์
►ส่วนจัดเก็บหนังสือเก่า สปร
บนชั้น
  ขอยืม

รายการใกล้เคียง
    หัวเรื่อง [การแพทย์ทางเลือก]

BibComment


ยังไม่เคยถูกคอมเมนท์

คอมเมนท์ทรัพยากรรายการนี้
  คอมเมนท์: หยุดป่วยด้วยแพทย..


 Copyright 2026. Bcnsprnw @Library